<?xml version="1.0" encoding="UTF-8"?><?xml-stylesheet type="text/xsl" href="static/style.xsl"?><OAI-PMH xmlns="http://www.openarchives.org/OAI/2.0/" xmlns:xsi="http://www.w3.org/2001/XMLSchema-instance" xsi:schemaLocation="http://www.openarchives.org/OAI/2.0/ http://www.openarchives.org/OAI/2.0/OAI-PMH.xsd"><responseDate>2026-04-18T01:18:55Z</responseDate><request verb="GetRecord" identifier="oai:riubu.ubu.es:10259/9915" metadataPrefix="marc">https://riubu.ubu.es/oai/request</request><GetRecord><record><header><identifier>oai:riubu.ubu.es:10259/9915</identifier><datestamp>2025-05-12T06:32:07Z</datestamp><setSpec>com_10259_6168</setSpec><setSpec>com_10259_5086</setSpec><setSpec>com_10259_2604</setSpec><setSpec>com_10259_3924</setSpec><setSpec>col_10259_6775</setSpec><setSpec>col_10259_7224</setSpec><setSpec>col_10259_5684</setSpec></header><metadata><record xmlns="http://www.loc.gov/MARC21/slim" xmlns:doc="http://www.lyncode.com/xoai" xmlns:xsi="http://www.w3.org/2001/XMLSchema-instance" xmlns:dcterms="http://purl.org/dc/terms/" xsi:schemaLocation="http://www.loc.gov/MARC21/slim http://www.loc.gov/standards/marcxml/schema/MARC21slim.xsd">
<leader>00925njm 22002777a 4500</leader>
<datafield tag="042" ind1=" " ind2=" ">
<subfield code="a">dc</subfield>
</datafield>
<datafield tag="720" ind1=" " ind2=" ">
<subfield code="a">Carreira Barral, Israel</subfield>
<subfield code="e">author</subfield>
</datafield>
<datafield tag="720" ind1=" " ind2=" ">
<subfield code="a">Díez Hernández, Julieta</subfield>
<subfield code="e">author</subfield>
</datafield>
<datafield tag="720" ind1=" " ind2=" ">
<subfield code="a">Igos, Elorri</subfield>
<subfield code="e">author</subfield>
</datafield>
<datafield tag="720" ind1=" " ind2=" ">
<subfield code="a">Saidani, Michael</subfield>
<subfield code="e">author</subfield>
</datafield>
<datafield tag="720" ind1=" " ind2=" ">
<subfield code="a">Ding, Tianran</subfield>
<subfield code="e">author</subfield>
</datafield>
<datafield tag="720" ind1=" " ind2=" ">
<subfield code="a">Ramos da Silva, Tiago</subfield>
<subfield code="e">author</subfield>
</datafield>
<datafield tag="720" ind1=" " ind2=" ">
<subfield code="a">Monteiro, Helena</subfield>
<subfield code="e">author</subfield>
</datafield>
<datafield tag="720" ind1=" " ind2=" ">
<subfield code="a">Stingl, Andreas</subfield>
<subfield code="e">author</subfield>
</datafield>
<datafield tag="720" ind1=" " ind2=" ">
<subfield code="a">Farias, Patricia M. A.</subfield>
<subfield code="e">author</subfield>
</datafield>
<datafield tag="720" ind1=" " ind2=" ">
<subfield code="a">Cardozo, Olavo</subfield>
<subfield code="e">author</subfield>
</datafield>
<datafield tag="720" ind1=" " ind2=" ">
<subfield code="a">Ibáñez Porras, Jesús</subfield>
<subfield code="e">author</subfield>
</datafield>
<datafield tag="720" ind1=" " ind2=" ">
<subfield code="a">García-Moral, Ana</subfield>
<subfield code="e">author</subfield>
</datafield>
<datafield tag="720" ind1=" " ind2=" ">
<subfield code="a">Tamayo Ramos, Juan Antonio</subfield>
<subfield code="e">author</subfield>
</datafield>
<datafield tag="720" ind1=" " ind2=" ">
<subfield code="a">Rumbo Lorenzo, Carlos</subfield>
<subfield code="e">author</subfield>
</datafield>
<datafield tag="720" ind1=" " ind2=" ">
<subfield code="a">Barros García, Rocío</subfield>
<subfield code="e">author</subfield>
</datafield>
<datafield tag="720" ind1=" " ind2=" ">
<subfield code="a">Martel Martín, Sonia</subfield>
<subfield code="e">author</subfield>
</datafield>
<datafield tag="260" ind1=" " ind2=" ">
<subfield code="c">2024-11-26</subfield>
</datafield>
<datafield tag="520" ind1=" " ind2=" ">
<subfield code="a">This dataset contains the data required to perform the Life Cycle Assessment (LCA), Material Flow Cost Accounting (MFCA), Social Life Cycle Assessment (S-LCA), and Multi-Criteria Decision Analysis (MCDA), as well as the results of these analyses, of the work 'Driving sustainability at early-stage innovation in producion of zinc oxide nanoparticles'</subfield>
</datafield>
<datafield tag="024" ind2=" " ind1="8">
<subfield code="a">http://hdl.handle.net/10259/9915</subfield>
</datafield>
<datafield tag="024" ind2=" " ind1="8">
<subfield code="a">10.71486/gcba-ee88</subfield>
</datafield>
<datafield ind1=" " ind2=" " tag="653">
<subfield code="a">Zinc oxide nanoparticles</subfield>
</datafield>
<datafield ind1=" " ind2=" " tag="653">
<subfield code="a">Holistic sustainability</subfield>
</datafield>
<datafield ind1=" " ind2=" " tag="653">
<subfield code="a">Environmental Life Cycle Assessment</subfield>
</datafield>
<datafield ind1=" " ind2=" " tag="653">
<subfield code="a">Material Flow Cost Accounting</subfield>
</datafield>
<datafield ind1=" " ind2=" " tag="653">
<subfield code="a">Social Life Cycle Assessment</subfield>
</datafield>
<datafield ind1=" " ind2=" " tag="653">
<subfield code="a">Multi-Criteria Decision Analysis</subfield>
</datafield>
<datafield tag="245" ind1="0" ind2="0">
<subfield code="a">Dataset of the work 'Driving sustainability at early-stage innovation in producion of zinc oxide nanoparticles'</subfield>
</datafield>
</record></metadata></record></GetRecord></OAI-PMH>